[Event "Aragon-chT Preferente A"]
[Site "Aragon"]
[Date "2016.03.12"]
[Round "7.35"]
[White "Moreno Martinez, Laura"]
[Black "Soriano Gracia, Manuel"]
[Result "0-1"]
[WhiteElo "1890"]
[BlackElo "1856"]
[PlyCount "104"]
[EventDate "2016.01.30"]
[EventType "team-tourn"]
[EventRounds "9"]
[EventCountry "ESP"]
[SourceTitle "EXT 2018"]
[Source "ChessBase"]
[SourceDate "2017.10.13"]
[SourceVersion "1"]
[SourceVersionDate "2017.10.13"]
[SourceQuality "1"]
[WhiteTeam "Marcos Frechin"]
[BlackTeam "Monsalud"]
[WhiteTeamCountry "ESP"]
[BlackTeamCountry "ESP"]

1. f4 d5 2. Nf3 c5 3. e3 Nc6 4. Be2 Nf6 5. d3 b6 6. 0-0 Bb7 7. Nc3 e6 8. Bd2 Be7 9. Ne5 Nd7 10. Nxc6 Bxc6 11. Bf3 Qc7 12. e4 d4 13. Ne2 h6 14. Ng3 0-0-0 15. e5 Rdf8 16. c3 dxc3 17. bxc3 g5 18. d4 c4 19. f5 Ba3 20. f6 Qb7 21. Qe2 Bxf3 22. Rxf3 b5 23. Ne4 Qc6 24. Bc1 Bxc1 25. Rxc1 Nb6 26. Nd6+ Kc7 27. Rb1 a6 28. Rb4 Nc8 29. Nxc4 g4 30. Rg3 h5 31. Nd2 Nb6 32. c4 bxc4 33. Nxc4 Nd5 34. Rb2 Rb8 35. Rc2 Rb1+ 36. Kf2 Kd7 37. Na3 Qb6 38. Nxb1 Qxd4+ 39. Ke1 Rb8 40. Nd2 Nf4 41. Qc4 Qxe5+ 42. Qe4 Qa1+ 43. Kf2 Nd5 44. Qa4+ Kd8 45. Qa5+ Ke8 46. Qa4+ Kd8 47. Ne4 Qe5 48. Qa5+ Ke8 49. Qd2 Qxe4 50. Rb3 Rd8 51. Qe2 Qf5+ 52. Kg1 Nf4 0-1

[Event "Aragon-chT Preferente A"]
[Site "Aragon"]
[Date "2016.02.27"]
[Round "5.35"]
[White "Soriano Gracia, Manuel"]
[Black "Merin Flores, Miguel Angel"]
[Result "1-0"]
[WhiteElo "1856"]
[BlackElo "1747"]
[PlyCount "75"]
[EventDate "2016.01.30"]
[EventType "team-tourn"]
[EventRounds "9"]
[EventCountry "ESP"]
[SourceTitle "EXT 2018"]
[Source "ChessBase"]
[SourceDate "2017.10.13"]
[SourceVersion "1"]
[SourceVersionDate "2017.10.13"]
[SourceQuality "1"]
[WhiteTeam "Monsalud"]
[BlackTeam "Ejea"]
[WhiteTeamCountry "ESP"]
[BlackTeamCountry "ESP"]

1. e4 c6 2. d4 d5 3. exd5 cxd5 4. Nf3 Nf6 5. c4 e6 6. a3 Be7 7. Nc3 a6 8. Bf4 0-0 9. c5 Re8 10. Bd3 Nbd7 11. h3 Nf8 12. 0-0 N6d7 13. Re1 Ng6 14. Bh2 Bf6 15. b4 Ne7 16. Rc1 Nc6 17. Bb1 g6 18. b5 Na5 19. a4 Nf8 20. Ba2 Bd7 21. Ne5 Rc8 22. Qd3 axb5 23. axb5 Bg7 24. Na4 Bxe5 25. Bxe5 f6 26. Bd6 Ra8 27. Nb6 Ra7 28. Ra1 Kg7 29. Bb3 e5 30. dxe5 fxe5 31. Bxe5+ Rxe5 32. Rxe5 Qf6 33. Rae1 Bf5 34. Re7+ Kh6 35. Qe3+ g5 36. Bxd5 Ng6 37. Rf7 Qb2 38. Rxf5 1-0

[Event "Aragon-chT Preferente A"]
[Site "Aragon"]
[Date "2016.02.20"]
[Round "4.51"]
[White "Baquedano Coarasa, Pablo"]
[Black "Soriano Gracia, Manuel"]
[Result "0-1"]
[WhiteElo "2031"]
[BlackElo "1856"]
[PlyCount "122"]
[EventDate "2016.01.30"]
[EventType "team-tourn"]
[EventRounds "9"]
[EventCountry "ESP"]
[SourceTitle "EXT 2018"]
[Source "ChessBase"]
[SourceDate "2017.10.13"]
[SourceVersion "1"]
[SourceVersionDate "2017.10.13"]
[SourceQuality "1"]
[WhiteTeam "Palacio de Pioneros"]
[BlackTeam "Monsalud"]
[WhiteTeamCountry "ESP"]
[BlackTeamCountry "ESP"]

1. d4 d5 2. c4 Nf6 3. cxd5 Nxd5 4. e4 Nb6 5. Nc3 e6 6. Be3 N8d7 7. Nf3 Bb4 8. Be2 Nf6 9. Qc2 Bd7 10. Bd3 h6 11. 0-0 Rc8 12. a3 Be7 13. b4 Ng4 14. Bf4 g5 15. Bg3 h5 16. h3 Nh6 17. Ne5 g4 18. hxg4 hxg4 19. Rad1 Bh4 20. d5 Qg5 21. Nxd7 Nxd7 22. Bb5 c6 23. dxc6 bxc6 24. Ba6 Ne5 25. Qd2 Qxd2 26. Rxd2 Bxg3 27. Bxc8 Bf4 28. Rd4 Nf5 29. Rfd1 Nxd4 30. Rxd4 Ke7 31. Bb7 g3 32. Ne2 gxf2+ 33. Kxf2 Bg5 34. Nc3 Rb8 35. Ba6 Rd8 36. Rxd8 Kxd8 37. Ke2 Kc7 38. Bd3 Bc1 39. a4 Kb6 40. Na2 Bf4 41. Bc2 a5 42. Bb3 axb4 43. Nxb4 Ka5 44. Nd3 Ng6 45. Kf3 Bd6 46. Ke2 Nf8 47. Kd2 Nd7 48. Kc3 Nb6 49. Nb2 Be5+ 50. Kc2 Bxb2 51. Kxb2 Nxa4+ 52. Ka3 Nc5 53. Bc2 e5 54. Bb1 f6 55. g3 Kb5 56. Bc2 Kc4 57. g4 Kd4 58. Kb4 Nxe4 59. Bb3 c5+ 60. Kb5 Nf2 61. Be6 Ne4 0-1

[Event "ESP-ch U18"]
[Site "Salobrena"]
[Date "2015.07.31"]
[Round "7"]
[White "Soriano Gracia, Manuel"]
[Black "Guerra Arrocha, Daniel"]
[Result "0-1"]
[WhiteElo "1844"]
[BlackElo "1989"]
[PlyCount "80"]
[EventDate "2015.07.27"]
[EventType "swiss"]
[EventRounds "9"]
[EventCountry "ESP"]
[SourceTitle "EXT 2016"]
[Source "ChessBase"]
[SourceDate "2015.10.08"]
[SourceVersion "1"]
[SourceVersionDate "2015.10.08"]
[SourceQuality "1"]

1. e4 d6 2. Nf3 Nf6 3. Nc3 g6 4. d4 Bg7 5. h3 0-0 6. Be3 Nbd7 7. Be2 e5 8. d5 Ne8 9. Qd2 f5 10. Bg5 Nef6 11. exf5 gxf5 12. 0-0-0 Nc5 13. Rhg1 Qe8 14. Bxf6 Rxf6 15. Kb1 e4 16. Nh2 a5 17. g4 f4 18. g5 Rf8 19. Ng4 Bxg4 20. Bxg4 a4 21. a3 Qe5 22. Rde1 b5 23. h4 Rfb8 24. Be6+ Kh8 25. h5 b4 26. axb4 Rxb4 27. h6 a3 28. hxg7+ Qxg7 29. b3 Nxb3 30. cxb3 Rxb3+ 31. Ka2 Rb2+ 32. Qxb2 axb2+ 33. Kxb2 Qd4 34. Rxe4 Qxf2+ 35. Ne2 Rb8+ 36. Kc2 Qc5+ 37. Kd2 Rb2+ 38. Ke1 f3 39. Rf1 Rb1+ 40. Kd2 Rxf1 0-1

[Event "Aragon-chT Honor GrB"]
[Site "Aragon"]
[Date "2015.02.14"]
[Round "4.20"]
[White "Alonso Fernandez Revuelta, Rodrigo"]
[Black "Soriano Gracia, Manuel"]
[Result "0-1"]
[WhiteElo "2024"]
[BlackElo "1829"]
[PlyCount "78"]
[EventDate "2015.01.24"]
[EventType "team-tourn"]
[EventRounds "7"]
[EventCountry "ESP"]
[SourceTitle "EXT 2017"]
[Source "ChessBase"]
[SourceDate "2016.10.25"]
[SourceVersion "1"]
[SourceVersionDate "2016.10.25"]
[SourceQuality "1"]
[WhiteTeam "Caissa"]
[BlackTeam "Aragon ONCE"]
[WhiteTeamCountry "ESP"]
[BlackTeamCountry "ESP"]

1. e4 e5 2. Nf3 Nc6 3. Bb5 a6 4. Bxc6 dxc6 5. 0-0 Bd6 6. d4 Bg4 7. dxe5 Bxf3 8. Qxf3 Bxe5 9. Nd2 Qh4 10. g3 Qh3 11. Nc4 Bd4 12. c3 Bc5 13. Be3 Bxe3 14. Nxe3 Nf6 15. Qf5 Qxf5 16. Nxf5 0-0-0 17. f3 g6 18. Ne3 Nd7 19. Rad1 Ne5 20. f4 Nd3 21. Rd2 Nc5 22. Rxd8+ Rxd8 23. e5 Rd2 24. Rf2 Rxf2 25. Kxf2 Nd3+ 26. Kf3 Nxb2 27. Ke4 Kd7 28. g4 Na4 29. Kd4 b5 30. h4 c5+ 31. Kd3 Ke6 32. c4 c6 33. h5 g5 34. fxg5 Kxe5 35. cxb5 cxb5 36. Nf5 Kf4 37. g6 fxg6 38. hxg6 hxg6 39. Ne7 g5 0-1

[Event "Aragon-chT Preferente A"]
[Site "Aragon"]
[Date "2015.01.24"]
[Round "1.39"]
[White "Sanchez Perez, Carlos"]
[Black "Soriano Gracia, Manuel"]
[Result "0-1"]
[WhiteElo "1499"]
[BlackElo "1829"]
[PlyCount "96"]
[EventDate "2015.01.24"]
[EventType "team-tourn"]
[EventRounds "11"]
[EventCountry "ESP"]
[SourceTitle "EXT 2017"]
[Source "ChessBase"]
[SourceDate "2016.10.25"]
[SourceVersion "1"]
[SourceVersionDate "2016.10.25"]
[SourceQuality "1"]
[WhiteTeam "Delicias II"]
[BlackTeam "Aragon ONCE II"]
[WhiteTeamCountry "ESP"]
[BlackTeamCountry "ESP"]

1. d4 d5 2. c4 c6 3. Nc3 Nf6 4. e3 Nbd7 5. Nf3 e6 6. Be2 Bd6 7. Nd2 e5 8. c5 Bc7 9. b4 a6 10. a4 e4 11. f3 Nh5 12. Nf1 Qh4+ 13. Kd2 exf3 14. gxf3 Ndf6 15. Qe1 Qxe1+ 16. Kxe1 Bh3 17. Kf2 0-0 18. Ng3 Rfe8 19. Bd2 g6 20. Bd3 Re7 21. Rae1 Rae8 22. Nd1 Ng7 23. b5 Bc8 24. b6 Bd8 25. h4 Nfh5 26. Reg1 Nxg3 27. Rxg3 Bf5 28. Be2 Bc2 29. Nc3 Nf5 30. Rgg1 Nxe3 31. h5 Nf5 32. Rg4 Re6 33. f4 Nxd4 34. hxg6 Rxg6 35. Rxg6+ fxg6 36. Bg4 Bf5 37. Bxf5 Nxf5 38. Ne2 Rxe2+ 39. Kxe2 Ng3+ 40. Ke3 Nxh1 41. Be1 h5 42. Kf3 h4 43. Kg4 Ng3 44. Bc3 Ne4 45. Bd4 Be7 46. f5 Bxc5 47. Bxc5 gxf5+ 48. Kxh4 Nxc5 0-1

[Event "Aragon-chT Honor Descenso"]
[Site "Aragon"]
[Date "2014.03.30"]
[Round "11.20"]
[White "Abancens Fernandez, Bernardo"]
[Black "Soriano Gracia, Manuel"]
[Result "0-1"]
[WhiteElo "1941"]
[BlackElo "1782"]
[PlyCount "60"]
[EventDate "2014.01.25"]
[EventType "team-tourn"]
[EventRounds "11"]
[EventCountry "ESP"]
[SourceTitle "EXT 2015"]
[Source "ChessBase"]
[SourceDate "2014.11.20"]
[SourceVersion "1"]
[SourceVersionDate "2014.11.20"]
[SourceQuality "1"]
[WhiteTeam "Teruel"]
[BlackTeam "Aragon ONCE"]
[WhiteTeamCountry "ESP"]
[BlackTeamCountry "ESP"]

1. d4 d5 2. c4 c6 3. cxd5 cxd5 4. Nc3 Nc6 5. Bf4 Nf6 6. e3 e6 7. Bd3 a6 8. Nf3 Be7 9. Rc1 Bd7 10. h3 Rc8 11. 0-0 0-0 12. Ne5 Nxe5 13. Bxe5 b5 14. Qf3 Qa5 15. a3 Rc6 16. e4 dxe4 17. Nxe4 Nxe4 18. Bxe4 Rxc1 19. Rxc1 Rc8 20. Rxc8+ Bxc8 21. b4 Qd8 22. Qc3 f6 23. Bc7 Qd7 24. Qc6 Qxc6 25. Bxc6 Kf7 26. f4 g5 27. Kf2 gxf4 28. Kf3 Bf8 29. Bxf4 Ke7 30. Kg4 e5+ 0-1

[Event "ESP-ch U14"]
[Site "Salobrena"]
[Date "2012.07.12"]
[Round "6"]
[White "Munoz Pelaez, Manuel"]
[Black "Soriano Gracia, Manuel"]
[Result "1/2-1/2"]
[WhiteElo "1805"]
[BlackElo "1638"]
[PlyCount "76"]
[EventDate "2012.07.09"]
[EventType "swiss"]
[EventRounds "9"]
[EventCountry "ESP"]
[SourceTitle "EXT 2014"]
[Source "ChessBase"]
[SourceDate "2013.11.20"]
[SourceVersion "1"]
[SourceVersionDate "2013.11.20"]
[SourceQuality "1"]

1. e4 e5 2. Nf3 Nc6 3. Bb5 a6 4. Bxc6 dxc6 5. d4 exd4 6. Qxd4 Qxd4 7. Nxd4 Bd7 8. Nc3 0-0-0 9. Be3 Re8 10. 0-0-0 Bb4 11. Nde2 Ne7 12. a3 Bd6 13. f3 Ng6 14. Bf2 Nf4 15. Nxf4 Bxf4+ 16. Kb1 Be5 17. Bd4 Bd6 18. g3 f6 19. Rhe1 c5 20. Bf2 b6 21. Nd5 Re6 22. Rd2 Rhe8 23. Red1 Kb7 24. Kc1 Bc6 25. b3 Bxd5 26. Rxd5 Re5 27. c4 Rxd5 28. Rxd5 Re5 29. Rxe5 Bxe5 30. Kd2 Bd4 31. Be3 Kc6 32. Kd3 Bxe3 33. Kxe3 Kd6 34. Kf4 Ke6 35. h4 g6 36. g4 h6 37. Ke3 c6 38. f4 g5 1/2-1/2

[Event "ESP-ch U14"]
[Site "Salobrena"]
[Date "2012.07.11"]
[Round "4"]
[White "Ortega Lopez, Mikel"]
[Black "Soriano Gracia, Manuel"]
[Result "1-0"]
[WhiteElo "1897"]
[BlackElo "1638"]
[PlyCount "53"]
[EventDate "2012.07.09"]
[EventType "swiss"]
[EventRounds "9"]
[EventCountry "ESP"]
[SourceTitle "EXT 2014"]
[Source "ChessBase"]
[SourceDate "2013.11.20"]
[SourceVersion "1"]
[SourceVersionDate "2013.11.20"]
[SourceQuality "1"]

1. e4 e5 2. Nf3 Nc6 3. Bb5 a6 4. Ba4 Nf6 5. 0-0 Be7 6. Re1 b5 7. Bb3 d6 8. c3 0-0 9. d3 Na5 10. Bc2 c5 11. d4 Bg4 12. dxe5 dxe5 13. Qxd8 Rfxd8 14. Nxe5 Be6 15. h3 Bd6 16. Nf3 Bc7 17. Nbd2 Nc6 18. Nf1 Nd7 19. Be3 c4 20. Nd4 Nde5 21. Rad1 Nxd4 22. cxd4 Ng6 23. Ng3 h6 24. Ne2 Nh4 25. Rf1 f5 26. Bf4 Bb6 27. Bg3 1-0